| 000 | 00768nam a2200265Ia 4500 | ||
|---|---|---|---|
| 001 | Para_6519 | ||
| 003 | CHAP | ||
| 008 | 220125s1983 xx 000 0 und d | ||
| 010 | _a205377 | ||
| 040 | _cCHAP | ||
| 090 | _aPA FOLLETO 526 | ||
| 245 |
_aEl chicozapote, fruta exquisita / _c recop. por Tiburcio Ybarra Caballero |
||
| 260 |
_aMéixco : _b A.M.I.P.F.A.C. |
||
| 300 | _a4 h. | ||
| 650 |
_aChicozapote _922279 |
||
| 700 |
_aYbarra Caballero, Tiburcio _9171405 |
||
| 710 |
_aAsociación Mexicana de la Industria de Plaguicidas y Fertilizantes, A.C. _9171148 |
||
| 901 | _aPA FOLLETO 526 | ||
| 902 | _aA | ||
| 905 | _a0000001983 0000000000 00 | ||
| 910 | _a1983 | ||
| 942 | _cPARA | ||
| 942 |
_cPARA _d1 |
||
| 999 |
_c205377 _d205377 |
||